00768nam a2200241Ia 4500003000900000008004100009040001300050040001300063041000800076100002400084100000900108245007300117250001900190260002500209260000900234300001100243300001200254490000600266600003600272942000700308999001700315952019400332IT-RoPAU120407s9999 xx 000 0 und d aIT-RoPAU cIT-RoPAU aita aAmbrogio M. Fiocchi cs.j. aVita del beato Claudio de la Colombière della Compagnia di Gesù. aIsola del Liri aEd. Macioce e Pisani c1929 a302 p. c21,5 cm v1 a1. La Colombière, Claudio de. cBK c31970d31970 00102ddc406922_00000000000000071aPAULUSbPAULUSd2012-04-11l0o922.0r2012-04-11 00:00:00w2012-04-11yBKzInserito da: Jole In data: 22 luglio 2011 fondo: Via A.Severo 56 Progr:36949